000 00826cam a2200205 4500
001 WB3713-19
008 000000n2001 000 0 eng u
035 _a(Sirsi) u111695
245 _aAdverse possession
260 _c2001
490 _aEstates Gazette Case Summaries
_v[2001] EGCS 36 (24/3/01)
520 _a"Battersea Freehold & Leasehold Property Co Ltd v Wandsworth LBC" ChD 2 March 2001. The appellant tenant's claim for adverse possession was dismissed on the grounds that the land had been occupied under license at all times. CC ruling upheld. Appeal dismissed.
590 _aWB
650 _aBATTERSEA FREEHOLD & LEASEHOLD PROPERTY CO LTD V WANDSWORTH LBC
650 _aADVERSE POSSESSION
650 _aLICENCES
650 _aGARDENING RIGHTS
690 _aPROPERTY AND LAND LAW-CASE LAW
942 _n0
999 _c66545
_d66545